| 000 | 02103nam0a2200385 4500 | ||
|---|---|---|---|
| 001 | RU\NLR\bibl\1735806 | ||
| 005 | 20260405112618.0 | ||
| 010 |
_a978-5-89289-615-3 _9200 |
||
| 021 |
_aRU _b2011-1534 _9106 |
||
| 035 | _a(nilc)RSL-KNO-004878404 | ||
| 035 | _a(NLR Aleph) 001726736 | ||
| 090 |
_a1373992 _c1373992 |
||
| 100 | _a20110201d2010 |||y0rusy50 ca | ||
| 101 | 0 | _arus | |
| 102 | _aRU | ||
| 105 | _aa ||||||||| | ||
| 200 | 1 |
_aБазы данных. Системы управления базами данных _eучебное пособие _eдля студентов вузов _fМ. В. Баканов, В. В. Романова, Т. П. Крюкова _gФедеральное агентство по образованию, Кемеровский технологический ин-т пищевой пром-сти |
|
| 210 |
_aКемерово _cКемеровский технологический ин-т пищевой пром-сти _d2010 |
||
| 215 |
_a164 с. _cцв. ил. _d20 |
||
| 320 | _aБиблиогр.: с. 162 (8 назв.) | ||
| 606 | 1 |
_aMICROSOFT VISUAL FOXPRO, система управления базами данных _jУчебные издания для высших учебных заведений _92336167 _3RU\NLR\auth\661396704 |
|
| 606 | 1 |
_aMICROSOFT ACCESS, система управления базами данных _jУчебные издания для высших учебных заведений _92077201 _3RU\NLR\auth\661252764 |
|
| 610 | 0 | _aСУБД FOXPRO | |
| 686 |
_aЗ973.233-018.2-5-05я73-1 _2rubbk |
||
| 686 | _aЗ973.233-018.2я73-1 | ||
| 700 | 1 |
_aБаканов _bМ. В. _gМаксим Владимирович _4070 |
|
| 701 | 1 |
_4070 _8rus _7ca _aРоманова _bВ. В. _cканд. техн. наук _gВера Васильевна _3RU\NLR\auth\7743421 _926364 |
|
| 701 | 1 |
_aКрюкова _bТ. П. _gТатьяна Петровна _4070 |
|
| 801 | 0 |
_aRU _bRuMoRKP _c20110201 _grcr |
|
| 801 | 1 |
_aRU _bRuMoRGB _c20110201 |
|
| 801 | 2 |
_aRU _bNLR _c20110214 _grcr |
|
| 942 | _cBOOK | ||
| 980 | _aNB | ||
| 980 | _aNBR | ||